| 000 | 00450pab a2200145 454500 | ||
|---|---|---|---|
| 008 | 180718b2004 xxu||||| |||| 00| 0 eng d | ||
| 100 | _aAhuja, Malvinder | ||
| 245 | _aUse of network communications and background characteristics of faculty teachers: a study in Panjab University | ||
| 260 | _c2004 | ||
| 300 | _ap.84-105. | ||
| 650 | _aTeachers | ||
| 700 | _aZavarki, Esmaeil Zaraii | ||
| 773 | _aResearch Journal Social Sciences | ||
| 909 | _a67005 | ||
| 999 |
_c67005 _d67005 |
||